Yüklüyor......

Water harvesting manual for urban areas, case studies from Delhi and Mumbai

Detaylı Bibliyografya
Yazar: CSE
Materyal Türü: Printed Book
Baskı/Yayın Bilgisi: NewDelhi, Centre For Science And Environment 2004
Konular:
LEADER 005100000a22001450004500
082 |a 627 CSE 
100 |a CSE  |9 137574 
245 |a Water harvesting manual for urban areas, case studies from Delhi and Mumbai 
260 |a NewDelhi, Centre For Science And Environment 
260 |c 2004 
650 |a Rain water  |9 141120 
650 |a Water harvesting  |9 141121 
942 |c BK 
999 |c 178571  |d 178567 
952 |0 0  |1 0  |4 0  |6 627_000000000000000_CSE  |7 0  |9 177037  |a SES  |b SES  |d 2019-05-16  |l 0  |o 627 CSE  |p SES02256  |r 2019-05-16  |w 2019-05-16  |y BK